| 000 | 00623nam a22001937a 4500 | ||
|---|---|---|---|
| 005 | 20251108173203.0 | ||
| 008 | 250721s1994 xx 000 0 ara d | ||
| 082 | 1 | 4 | _a962/جمل |
| 100 | 1 | _aالجمل، علي سلامة | |
| 245 | 1 | 0 | _aمذكرات في تاريخ مصر القديم و الحديث ملحق به مذكرات عن جنوب السودان / |
| 264 |
_bوزارة الري، _c1994. |
||
| 300 | _a215 ص. | ||
| 650 | 1 | 7 | _aتاريخ مصر |
| 650 | 1 | 7 | _aالعصر الحديث |
| 650 | 1 | 7 | _aالمذكرات |
| 650 | 1 | 7 | _aتاريخ مصر القديمة |
| 942 |
_2ddc _cBK |
||
| 999 |
_c98093 _d98093 |
||